00694 2200217 4500001002100000005001500021035002000036007000300056008004100059020002200100082001000122084001400132100009100146245011400237250001000351260004300361300002300404650002400427700001400451990001100465INLIS00000000001289220220707093640 a0010-0722000376ta220707 g 0 ind  a978-979-610-496-3 a153.9 a153.9 TRI0 aTRIK, rahasia menyelesaikan soal-soal asli tes potensi akademik masuk perguruan tinggi1 aTrik Rahasia Menyelesaikan Soal-Soal Asli Tes Potensi Akademik Masuk Perguruan Tinggi /cPenyunting, Dedy Gnr acet.1 aYogyakarta :bPustaka Widyatama,c2011 a211 hlm. ;c26 cm. 4aINTELIGENSI MANUSIA0 aDEDY, gnr a8435 a